| LEADER | 00790nam a2200169 4500 | ||
|---|---|---|---|
| 999 | |c 15748 |d 15748 | ||
| 082 | |a 398.8 |b D406TH | ||
| 100 | |a Doãn Thanh | ||
| 245 | |a Dân ca Hmông |c Doãn Thanh, Hoàng Thao, Chế Lan Viên sưu tầm | ||
| 260 | |a H. |b Hội nhà văn |c 2018 | ||
| 300 | |a 763tr. |c 21cm. | ||
| 500 | |a Đầu trang tên sách ghi: Liên hiệp các hội văn học nghệ thuật Việt Nam. Hội Văn học nghệ thuật các dân tộc thiểu số Việt Nam | ||
| 520 | |a Cuốn sách giới thiệu về dân ca HMông. | ||
| 653 | |a Văn hóa dân gian |a Dân tộc Hmông |a Dân ca |a Việt Nam | ||
| 856 | |u . | ||
| 942 | |2 ddc |c SH | ||
| 952 | |0 0 |1 0 |2 ddc |4 0 |6 398_800000000000000_D406TH |7 0 |8 300 |9 117792 |a qbu |b qbu |c D2 |d 2020-05-15 |g 35000 |o 398.8 D406TH |p 12929.c1 |r 2020-05-15 |w 2020-05-15 |y SH | ||